| 000 | 00446nam a22001457a 4500 | ||
|---|---|---|---|
| 082 | _aP3 | ||
| 100 |
_aZahoor Ahmad Khan _947699 |
||
| 245 |
_aSolving civil engineering problems (CED-44) _cZeeshan Mehmood, Usman Pervez, Majid sabir Raja, Asad Ali Mirza, Qaisar Rafique |
||
| 260 |
_aMCE _bMCE _c1998 |
||
| 300 | _a79 p. : | ||
| 526 |
_a0 _b0 _c0 _dP_000000000000000_3 |
||
| 650 | _aProject | ||
| 700 |
_aSohail Qureshi _947700 |
||
| 942 |
_2ddc _cBK |
||
| 999 |
_c550863 _d550863 |
||